A quest for biblical theology : (Record no. 25278)

MARC details
000 -LEADER
fixed length control field 01408cam a2200229 a 4500
001 - CONTROL NUMBER
control field 1426008012
003 - CONTROL NUMBER IDENTIFIER
control field AUA.1
005 - DATE AND TIME OF LATEST TRANSACTION
control field 20251121083738.0
008 - FIXED-LENGTH DATA ELEMENTS--GENERAL INFORMATION
fixed length control field 240314||||| ||| 000 0 und d
020 ## - INTERNATIONAL STANDARD BOOK NUMBER
International Standard Book Number 1916288812
020 ## - INTERNATIONAL STANDARD BOOK NUMBER
International Standard Book Number 9781916288812
035 ## - SYSTEM CONTROL NUMBER
System control number (OCoLC)1426008012
040 ## - CATALOGING SOURCE
Original cataloging agency YDX
Language of cataloging eng
Transcribing agency YDX
Modifying agency JTL
050 ## - LIBRARY OF CONGRESS CALL NUMBER
Classification number BS476
Item number .Q47 2024
245 00 - TITLE STATEMENT
Title A quest for biblical theology :
Remainder of title festschrift in honour of gunnar pedersen /
Statement of responsibility, etc Jan Barna (editor).
260 ## - PUBLICATION, DISTRIBUTION, ETC. (IMPRINT)
Place of publication, distribution, etc Bracknell, U.K. :
Name of publisher, distributor, etc Newbold Academic Press,
Date of publication, distribution, etc 2024.
500 ## - GENERAL NOTE
General note "Gunnar Pedersen’s educational and theological contributions have become some of the most important in the fields of systematic and biblical theology in both European and global Adventism. Gunnar has helpfully started to distinguish between Biblical Theology proper, providing core thematic structure, language and overall narrative framework, and Systematic Theology, which, as an applied discipline, provides modern articulations of biblical themes. Gunnar has put the two to work together as two sides of the same coin. This is not only a unique and important contribution to Adventist systematic theology, but also to systematic theology and to biblical theology in general." -back cover
650 ## - SUBJECT ADDED ENTRY--TOPICAL TERM
Topical term or geographic name as entry element Bible Hermeneutics
650 ## - SUBJECT ADDED ENTRY--TOPICAL TERM
Topical term or geographic name as entry element Seventh-Day Adventists Theology
700 ## - ADDED ENTRY--PERSONAL NAME
Personal name Barna, Jan
Relator term editor
942 ## - ADDED ENTRY ELEMENTS (KOHA)
Source of classification or shelving scheme Library of Congress Classification
Koha item type Books
Classification part BS 476
Item part .Q47 2024
Holdings
Withdrawn status Lost status Source of classification or shelving scheme Damaged status Not for loan Collection code Home library Current library Shelving location Date acquired Source of acquisition Cost, normal purchase price Serial Enumeration / chronology Total Checkouts Full call number Barcode Date last seen Cost, replacement price Price effective from Koha item type
    Library of Congress Classification     Books Judith Thomas Library Judith Thomas Library General Stacks 21/11/2025 Bought by JTL 26.00 AUA28028   BS 476 .Q47 2024 AUA28028 21/11/2025 26.00 21/11/2025 Books